Real wages and unemployment in Britain during the 1930s (Record no. 20541)

000 -LEADER
fixed length control field 00417pab a2200169 454500
008 - FIXED-LENGTH DATA ELEMENTS--GENERAL INFORMATION
fixed length control field 180718b1989 xxu||||| |||| 00| 0 eng d
100 ## - MAIN ENTRY--PERSONAL NAME
Personal name Dimsdale, N.H.
245 ## - TITLE STATEMENT
Title Real wages and unemployment in Britain during the 1930s
260 ## - PUBLICATION, DISTRIBUTION, ETC.
Date of publication, distribution, etc. 1989
300 ## - PHYSICAL DESCRIPTION
Extent 271-92
362 ## - DATES OF PUBLICATION AND/OR SEQUENTIAL DESIGNATION
Dates of publication and/or sequential designation Jun.
650 ## - SUBJECT ADDED ENTRY--TOPICAL TERM
Topical term or geographic name entry element Wages - U.K.
700 ## - ADDED ENTRY--PERSONAL NAME
Personal name N. Horsewood
700 ## - ADDED ENTRY--PERSONAL NAME
Personal name S.J. Nickell
773 ## - HOST ITEM ENTRY
Main entry heading Economic Journal
909 ## -
-- 20541
Holdings
Withdrawn status Lost status Damaged status Not for loan Permanent Location Current Location Date acquired Serial Enumeration / chronology Barcode Date last seen Price effective from Koha item type
        Indian Institute of Public Administration Indian Institute of Public Administration 2018-07-19 Volume no: 99, Issue no: 396 AR20610 2018-07-19 2018-07-19 Articles

Powered by Koha